ბათუმის შოთა რუსთაველის სახელმწიფო უნივერსიტეტის ბიბლიოთეკა

ქართული ოთხთავის სიმფონია - ლექსიკონი = Симфония-словарь к грузинскому четвероглаву / (ბიბ.ჩანაწერი № 52752)

000 -ლიდერი
ფიქსირებული სიგრძის საკონტროლო ველი 01898nam a2200313Ia 4500
001 - საკონტროლო ნომერი
საკონტროლო ველი 19778
003 - საკონტროლო ნომრის იდენტიფიკატორი
საკონტროლო ველი GE_BSU
005 - ბოლო ოპერაციის თარიღი და დრო
საკონტროლო ველი 20200422001149.0
008 - ფიქსირებული სიგრძის მონაცემთა ელემენტები - ზოგადი ინფორმაცია
ფიქსირებული სიგრძის საკონტროლო ველი 181216s1948||||ge |||||||||||||| ||geo||
040 ## - კატალოგიზაციის წყარო
Transcribing agency GE_BSU
041 ## - ენის კოდი
Language code of text/sound track or separate title geo
080 ## - უნივერსალური ათობითი კლასიფიკაციის ინდექსი
Universal Decimal Classification number 81'374.26(038) : 27-247 ი-50
100 ## - მთავარი ჩანაწერი - პიროვნების სახელი
Personal name იმნაიშვილი, ი.
9 (RLIN) 5492
245 ## - ცნობა სათაურის შესახებ
Title ქართული ოთხთავის სიმფონია - ლექსიკონი = Симфония-словарь к грузинскому четвероглаву /
Statement of responsibility, etc ი. იმნაიშვილი ; ა. შანიძის რედაქციით ; წინასიტყვ. ავტ. : ა. შანიძე.
250 ## - გამოცემის ცნობა
Edition statement საქართველოს სსრ მეცნიერებათა აკადემიის გამომცემლობა
264 ## - წარმოების, გამოცემის, დისტრიბუციის და სხვა ცნობები
გამოცემის, წარმოების, დისტრიბუციის... ადგილი თბილისი :
გამოცემის, წარმოების, დისტრიბუციის... სახელწოდება საქრთველოს მეცნიერებათა აკადემიის გამ-ბა,
გამოცემის, წარმოების, დისტრიბუციის... თარიღი 1948-1949.
300 ## - ფიზიკური აღწერა
Extent 840 გვ. ;
Dimensions 25 სმ.
490 ## - სერიის ცნობა
Series statement (ძველი ქართული ენის ძეგლები)
Volume number/sequential designation 6
500 ## - ზოგადი შენიშვნა
General note წანართი რედაქტორისაგან ქართულ-რუსულ ენებზე გვ. 05-08
504 ## - BIBLIOGRAPHY, ETC. NOTE
Bibliography, etc დანართი : საკუთარი სახელები გვ. 798-836. - ბიბლიოგრაფია : ლიტერატურა წინასიტყვაობაში
653 ## - INDEX TERM--UNCONTROLLED
Uncontrolled term რელიგია
653 ## - INDEX TERM--UNCONTROLLED
Uncontrolled term ქართული ენა
653 ## - INDEX TERM--UNCONTROLLED
Uncontrolled term ქართული ოთხთავი
653 ## - INDEX TERM--UNCONTROLLED
Uncontrolled term სახარება
653 ## - INDEX TERM--UNCONTROLLED
Uncontrolled term ძველი აღთქმა
700 ## - ADDED ENTRY--PERSONAL NAME
Personal name შანიძე, ა.
Relator term რედაქტორი
9 (RLIN) 7951
942 ## - ADDED ENTRY ELEMENTS (KOHA)
Koha item type წიგნი
Source of classification or shelving scheme
ეგზემპლარები
ჩამოწერის სტატუსი დაკარგული ეგზემპლარის სტატუსი კლასიფიკაციის წყარო ან თაროზე გაწყობის სქემა დაზიანების სტატუსი არ გაიცემა მუდმივი მდებარეობა (დაცვის ადგილი) ამჟამინდელი ადგილსამყოფელი თაროზე განთავსების ადგილი შეძენის თარიღი ღირებულება, შესყიდვის ნორმალური ფასი სრული შენახვის შიფრი შტრიხკოდი ბოლო ოპერაციის თარიღი ეგზემპლარის მიმდევრობითი ნომერი (კეტერი?) ფასის ძალაში შესვლის თარიღი ეგზემპლარის სახეობა საჯარო შენიშვნა
          ბათუმის შოთა რუსთაველის სახელმწიფო უნივერსიტეტის მთავარი ბიბლიოთეკა ბათუმის შოთა რუსთაველის სახელმწიფო უნივერსიტეტის მთავარი ბიბლიოთეკა წიგნსაცავი 2018-12-17 14.00 81'374.26(038) : 27-247 ი-50 52123 2018-12-17 52123 2018-12-17 წიგნი 14.00 ლ.
          ბათუმის შოთა რუსთაველის სახელმწიფო უნივერსიტეტის მთავარი ბიბლიოთეკა ბათუმის შოთა რუსთაველის სახელმწიფო უნივერსიტეტის მთავარი ბიბლიოთეკა წიგნსაცავი 2018-12-17 14.00 81'374.26(038) : 27-247 ი-50 52124 2018-12-17 52124 2018-12-17 წიგნი 14.00 ლ.
          ბათუმის შოთა რუსთაველის სახელმწიფო უნივერსიტეტის მთავარი ბიბლიოთეკა ბათუმის შოთა რუსთაველის სახელმწიფო უნივერსიტეტის მთავარი ბიბლიოთეკა წიგნსაცავი 2018-12-17 14.00 81'374.26(038) : 27-247 ი-50 52125 2018-12-17 52125 2018-12-17 წიგნი 14.00 ლ.
          ბათუმის შოთა რუსთაველის სახელმწიფო უნივერსიტეტის მთავარი ბიბლიოთეკა ბათუმის შოთა რუსთაველის სახელმწიფო უნივერსიტეტის მთავარი ბიბლიოთეკა წიგნსაცავი 2018-12-17 14.00 81'374.26(038) : 27-247 ი-50 52126 2018-12-17 52126 2018-12-17 წიგნი 14.00 ლ.
          ბათუმის შოთა რუსთაველის სახელმწიფო უნივერსიტეტის მთავარი ბიბლიოთეკა ბათუმის შოთა რუსთაველის სახელმწიფო უნივერსიტეტის მთავარი ბიბლიოთეკა წიგნსაცავი 2018-12-17 14.00 81'374.26(038) : 27-247 ი-50 52127 2018-12-17 52127 2018-12-17 წიგნი 14.00 ლ.
          ბათუმის შოთა რუსთაველის სახელმწიფო უნივერსიტეტის მთავარი ბიბლიოთეკა ბათუმის შოთა რუსთაველის სახელმწიფო უნივერსიტეტის მთავარი ბიბლიოთეკა წიგნსაცავი 2018-12-17 14.00 81'374.26(038) : 27-247 ი-50 52128 2018-12-17 52128 2018-12-17 წიგნი 14.00 ლ.
          ბათუმის შოთა რუსთაველის სახელმწიფო უნივერსიტეტის მთავარი ბიბლიოთეკა ბათუმის შოთა რუსთაველის სახელმწიფო უნივერსიტეტის მთავარი ბიბლიოთეკა წიგნსაცავი 2018-12-17 14.00 81'374.26(038) : 27-247 ი-50 52129 2018-12-17 52129 2018-12-17 წიგნი 14.00 ლ.
          ბათუმის შოთა რუსთაველის სახელმწიფო უნივერსიტეტის მთავარი ბიბლიოთეკა ბათუმის შოთა რუსთაველის სახელმწიფო უნივერსიტეტის მთავარი ბიბლიოთეკა წიგნსაცავი 2018-12-17 14.00 81'374.26(038) : 27-247 ი-50 52130 2018-12-17 52130 2018-12-17 წიგნი 14.00 ლ.